Ověření možnosti modelového přístupu k posouzení komplexní náročnosti na zdroje (jako nástroje pro hodnocení strukturálních změn) na příkladu čs. průmyslu
Salvato in:
| Autore principale: | |
|---|---|
| Natura: | Libro |
| Lingua: | ceco |
| Pubblicazione: |
Praha
Výzkumný ústav soc. ekon. in.
1983
|
| Serie: | Studijní materiál
č. 149 |
| Tags: |
Nessun Tag, puoi essere il primo ad aggiungerne!!
|
MARC
| LEADER | 00000nam a2200000 4500 | ||
|---|---|---|---|
| 001 | c106986 | ||
| 005 | 20181203150259.2 | ||
| 041 | 0 | |a cze | |
| 044 | |a CZ | ||
| 245 | 1 | 0 | |a Ověření možnosti modelového přístupu k posouzení komplexní náročnosti na zdroje (jako nástroje pro hodnocení strukturálních změn) na příkladu čs. průmyslu |c Alena Nešporová |
| 264 | 1 | |a Praha |b Výzkumný ústav soc. ekon. in. |c 1983 | |
| 300 | |a 109 s. | ||
| 490 | 1 | |a Studijní materiál |v č. 149 | |
| 830 | 0 | |a Studijní materiál |v č. 149 | |
| 100 | 1 | |a Nešporová, Alena | |